| 000 | 00706nam a22002177a 4500 | ||
|---|---|---|---|
| 003 | OSt | ||
| 005 | 20131115121801.0 | ||
| 008 | 130702s2013 sp ||||| |||| 00| 0 cat d | ||
| 020 | _a9788415720102 | ||
| 040 | _cCDMR | ||
| 100 | 1 |
_93900 _aArgemí Ballbé, Marc _d1979- |
|
| 245 | 1 |
_aRumors en guerra _b: desinformación, internet i periodisme _cMarc Argemí Ballbé ; [pròleg de Salvador Cardús] |
|
| 260 |
_aBarcelona _bAcontravent _c2013 |
||
| 300 | _a203 p. | ||
| 490 | 0 |
_aAssaig XXI _v3 |
|
| 650 | 0 | 4 |
_94286 _aDesinformació |
| 650 | 0 | 4 |
_93176 _aPremsa i propaganda _yS. XX |
| 650 | 0 | 4 |
_93901 _aRumor _xAspectes socials |
| 650 | 0 | 4 |
_93243 _aMitjans de comunicació de massa _xManipulació |
| 942 |
_2udc _cMON |
||
| 999 |
_c6545 _d6545 |
||